000 00633cam a22002051 4500
001 10327190
003 BD-DhUL
005 20240828111742.0
008 720119s1964 nyua b 000 0 eng
040 _aDLC
_cODaWU
_dOCoLC
_dDNLM
_dUk
_dDLC
_dBD-DhUL
082 _a153
_bMAT
100 1 _aMandler, Jean Matter
245 1 0 _aThinking : from association to Gestalt /
_cJean Matter Mandler and George Mandler.
260 _aNew York :
_bWiley,
_c1964.
300 _ax, 300 p. :
_c22 cm.
_bill. ;
490 0 _aPerspectives in psychology
650 4 _aThought and thinking.
700 1 _aMandler, George,
_ejt. aut.
942 _2ddc
_cBK
999 _c125457
_d125457